| 000 | 01179nam a2200265 i 4500 | ||
|---|---|---|---|
| 001 | 186935 | ||
| 003 | SpMaBN | ||
| 005 | 20251118150216.0 | ||
| 008 | 170302s2015 sp c |||| |bspa d | ||
| 080 | _a929 Martín Mateos, Nicomedes | ||
| 100 | 1 |
_aHernández Díaz, José María. _9161952 |
|
| 245 | 1 | 0 |
_aNicomedes Martín Mateos (1806-1890) _b: filósofo, educador e icono ciudadano de Béjar / _cJosé María Hernández Díaz ; [presentación, Antonio Avilés Amat ; prólogo, Antonio Gutiérrez Turrión]. |
| 260 |
_a[Béjar, Salamanca] : _bCentro de Estudios Bejaranos, _c[2015] |
||
| 300 |
_a70 p. : _b1 retr. ; _c23 cm. |
||
| 490 | 1 |
_aColección don Francés de Zúñiga ; _v2 |
|
| 504 | _aBibliografía: p. 68-70. | ||
| 504 | _aReferencias bibliográficas. | ||
| 596 | _aEn verso de port.: Colaboran, Casino Obrero - Ateneo Cultural de Béjar, Ayuntamiento de Béjar. | ||
| 600 | 1 | 7 |
_aMartín Mateos, Nicomedes, _d1806-1890 _2 _9129604 |
| 700 | 1 |
_aAvilés Amat, Antonio. _9161951 |
|
| 710 | 2 |
_aCentro de Estudios Bejaranos. _9161948 |
|
| 830 | 0 |
_aColección don Francés de Zúñiga ; _v2 _9192700 |
|
| 852 |
_aES-MaACL _j1656-F-15 |
||
| 999 |
_c186935 _d186935 |
||